000
00237nam a22000857a 4500
008
160915b xxu||||| |||| 00| 0 eng d
100
_9
487
_a
Aggarwal.R.S.etal
245
_a
Mental Mathematics-5
260
_a
New Delhi
_b
S. Chand Publications
_c
2011
999
_c
3144
_d
3144